000 00776nam a2200277Ia 4500
003 OSt
005 20221007125020.0
006 a|||||r|||| 00| 0
007 ta
008 221006b |||||||| |||| 00| 0 eng d
020 _a0873718915
024 _a2312
037 _cTextual
040 _aCDL
_cCDL
_beng
041 _2eng
_aeng
082 _aJ:1:(E:3), N3
100 _aCarter Martin R Ed
_9721324
245 0 _aSoil sampling and methods of analysis ed by Martin R Carter
260 _aBoca
_bRaton Lewis Publishers
_c1993
300 _a823p
_ccm.
650 _a Chemical Analysis
_9712706
650 _a Soil
_9233236
650 _aAgriculure
_9721325
942 _hJ:1:(E:3), N3
_cTEXL
_2CC
999 _c1214511
_d1214511